000 00729nam a2200217 a 4500
005 20231128063626.0
008 991125s1987 mx 000 0 spa u
035 _aUPN01000030158
049 _aCG
050 4 _aLB1578.249 M5
_bB4.4
100 1 _aBenítez, Fernando,
_d1912-2000
_931076
245 1 4 _aLos indios de México /
_cFernando Benítez ; tr. Gilberto Amadeo García García.
260 _aMéxico :
_bINI,
_c1987.
300 _a76 p. :
_bil.
440 0 _aCuadernos literarios lengua mixteca de Oaxaca ;
_vIII-20
500 _aDatos tomados de la cubierta
650 4 _aIndígenas de México
_zOaxaca
_xLenguas
_917368
650 4 _aMIXTECO
_917369
650 4 _aIndígenas de México
_xAlfarería
_916
905 _aLibro
999 _c30158
_d30158